Clubes que mais venceram campeonatos nacionais da CONCACAF - Statistics

Estatísticas Gerais
  • Esse quiz foi jogado 18 vezes
  • A pontuação média é 6 de 41
Estatísticas das Respostas
País Vezes que ganhou Campeonato Time % Correto
México 16 Liga MX Club de Fútbol América
83%
Estados Unidos 5 Major League Soccer Los Angeles Galaxy | New York Cosmos
83%
Canadá 5 Canadian Soccer Championship Toronto Football Club
72%
Costa Rica 33 Fútbol de Primera División Deportivo Saprissa
56%
Honduras 30 Liga Nacional de Fútbol Profesional de Honduras Club Deportivo Olimpia
28%
Guatemala 30 Liga Nacional de Fútbol de Guatemala Comunicaciones Fútbol Club
17%
Turcos e Caicos 4 WIV Premier League AFC Academy
11%
Nicarágua 25 Liga Nicaraguense de Futbol Diriangén Fútbol Club
11%
Bahamas 7 BFA Senior League Insurance Management Bears Football Club
11%
República Dominicana 11 Liga Dominicana de Fútbol Moca Futbol Club
11%
Guiana 5 GFF National Super League Alpha United Football Club
6%
Guiana Francesa 16 Ligue de Guyane ASL Le Sport Guyanais
6%
Saint-Martin 20 Championnat de Saint-Martin de Football Association Sportive et Culturelle de Saint-Louis
6%
São Vicente e Granadinas 3 NLA SVGFF Club Championship Avenues United Football Club | Nemwill Hope International Football Club
6%
Belize 5 Premier League of Belize Bandits Football Sporting Club
6%
Sint Maarten 2 Kampioenschap van Sint Maarten C&D Football Club
6%
Martinica 19 Championnat de la Martinique Club Colonial de Fort-de-France
6%
Panamá 13 Liga Panameña de Fútbol Club Deportivo Árabe Unido
6%
El Salvador 17 Liga Mayor de Fútbol Club Deportivo FAS
6%
Guadalupe 12 Championnat de Guadeloupe Division d'Honneur Club Sportif Moulien
6%
Trindad e Tobago 22 TT Pro League Defence Force Football Club
6%
Antígua e Barbuda 13 Premier Division Empire Football Club
6%
Cuba 14 Campeonato Nacional de Fútbol de Cuba Fútbol Club Villa Clara
6%
Granada 4 GFA Premier Division Hard Rock Football Club | Paradise Football Club International | Queens Park Rangers Sports Club
6%
Dominica 20 Dominica Premiere League Harlem United Football Club
6%
Ilhas Virgens Americanas 4 U.S. Virgin Islands Championship Helenites Soccer Club
6%
Ilhas Virgens Britânicas 6 BVIFA National Football League Islanders Football Club
6%
São Cristóvão e Névis 16 Saint Kitts Premier Division Newtown United Football Club
6%
Jamaica 5 National Premier League Portmore United Football Club | Santos Football Club | Tivoli Gardens Football Club
6%
Haiti 14 Division 1 Ligue Haïtienne Racing Club Haïtien
6%
Anguilla 6 AFA Senior Male League Roaring Lions Football Club
6%
Santa Lúcia 4 Saint Lucia Gold Division Roots Alley Ballers | VSADC
6%
Monserrat 5 Montserrat Championship Royal Montserrat Police Force FC
6%
Ilhas Cayman 10 CIFA Premier League Scholars International Sports Club
6%
Porto Rico 2 Liga Nacional de Fútbol Sevilla Football Club
6%
Bermudas 10 Bermudian Premier Division Somerset Cricket Club Trojans
6%
Bonaire 14 Bonaire League Sport Vereniging Juventus
6%
Aruba 31 Division di Honor SportVereniging Racing Club Aruba
6%
Suriname 23 SVB-hoofdklasse Sport Vereniging Robinhood
6%
Curaçau 21 Curaçao Sekshon Pagá SUBT
6%
Barbados 16 Premier Division Weymouth Wales FC
6%
Nenhum quiz correspondente encontrado
Distribuição das Pontuações
Porcentagem de Pessoas com Cada Pontuação
Percentil de Números Respondidos
Sua Pontuação Histórica
Você não jogou esse quiz